[Event "COL Intercollegiate-ch blitz U18"]
[Site "Paipa"]
[Date "2019.12.15"]
[Round "10"]
[White "Corredor Castellanos, Camilo"]
[Black "De la Rosa Povea, Miguel Angel"]
[Result "1-0"]
[WhiteElo "1993"]
[BlackElo "1727"]
[PlyCount "36"]
[EventDate "2019.12.15"]
[EventType "swiss (blitz)"]
[EventRounds "12"]
[EventCountry "COL"]
[SourceTitle "CBM 193 Extra"]
[Source "ChessBase"]
[SourceDate "2020.01.31"]
[SourceVersion "1"]
[SourceVersionDate "2020.01.31"]
[SourceQuality "1"]

1. d4 d5 2. c4 c6 3. Nf3 Nf6 4. Qb3 Qc7 5. g3 e6 6. c5 Be7 7. Bf4 Qd8 8. Bg2 0-0 9. Nbd2 Nh5 10. Be3 Nd7 11. g4 Nhf6 12. h3 Qc7 13. Qc3 b6 14. cxb6 axb6 15. 0-0 Bb7 16. Rfc1 Qd6 17. Ne5 c5 18. Bf4 Rfe8 1-0

[Event "COL Intercollegiate-ch rapid U18"]
[Site "Paipa"]
[Date "2019.12.14"]
[Round "4"]
[White "Morales Criado, Diego Alberto"]
[Black "De la Rosa Povea, Miguel Angel"]
[Result "0-1"]
[WhiteElo "1359"]
[BlackElo "1659"]
[PlyCount "58"]
[EventDate "2019.12.14"]
[EventType "swiss (rapid)"]
[EventRounds "6"]
[EventCountry "COL"]
[SourceTitle "CBM 193 Extra"]
[Source "ChessBase"]
[SourceDate "2020.01.31"]
[SourceVersion "1"]
[SourceVersionDate "2020.01.31"]
[SourceQuality "1"]

1. e4 e5 2. Nf3 Nc6 3. Bb5 a6 4. Ba4 Nf6 5. d3 Be7 6. 0-0 0-0 7. c3 d6 8. h3 h6 9. Nbd2 Nh7 10. Nh2 f5 11. Ndf3 fxe4 12. dxe4 Be6 13. Bb3 Qd7 14. Be3 Kh8 15. Bxe6 Qxe6 16. Qd2 Qg6 17. Qd3 Rf7 18. g3 Raf8 19. Kg2 Qh5 20. Qd1 Qg6 21. Nd2 Bg5 22. Qe2 Nf6 23. Bxg5 Qxg5 24. Nhf3 Qh5 25. g4 Nxg4 26. hxg4 Qxg4+ 27. Kh2 Rxf3 28. Nxf3 Rxf3 29. Rh1 Rh3# 0-1

[Event "COL-chT 21st"]
[Site "Cartagena"]
[Date "2019.11.30"]
[Round "8.3"]
[White "De la Rosa Povea, Miguel Angel"]
[Black "Torres, Richard"]
[Result "1-0"]
[WhiteElo "1727"]
[BlackElo "1860"]
[PlyCount "80"]
[EventDate "2019.11.30"]
[EventType "team-swiss"]
[EventRounds "9"]
[EventCountry "COL"]
[SourceTitle "CBM 195 Extra"]
[Source "ChessBase"]
[SourceDate "2020.05.31"]
[SourceVersion "1"]
[SourceVersionDate "2020.05.31"]
[SourceQuality "1"]
[WhiteTeam "Sucre"]
[BlackTeam "Cauca"]
[WhiteTeamCountry "COL"]
[BlackTeamCountry "COL"]

1. e4 e6 2. d4 d5 3. exd5 exd5 4. Bd3 Bd6 5. h3 Ne7 6. Nf3 Bf5 7. 0-0 Nbc6 8. c3 Qd7 9. Qc2 0-0 10. Bxf5 Nxf5 11. Nbd2 Rfe8 12. Qd3 Re7 13. Nb3 b6 14. Bd2 Rae8 15. Rfe1 Rxe1+ 16. Rxe1 Rxe1+ 17. Bxe1 Qe6 18. Bd2 h6 19. Nc1 Nfe7 20. Ne2 Ng6 21. Ng3 Bxg3 22. fxg3 Qe4 23. Qxe4 dxe4 24. Ne1 f5 25. Nc2 Nge7 26. Ne3 h5 27. h4 Nd8 28. Kf2 Kf7 29. Nc4 Nec6 30. Bf4 Ne6 31. Bd2 b5 32. Ne3 Ne7 33. b3 c6 34. Bc1 Nc7 35. c4 Ke6 36. Nc2 Ne8 37. Bg5 Nf6 38. Ne3 Ng4+ 39. Ke2 Nxe3 40. Kxe3 Ng6 1-0

[Event "La Rueda Caribbean 1st U17"]
[Site "La Rueda"]
[Date "2019.10.19"]
[Round "4.2"]
[White "De la Rosa Povea, Miguel Angel"]
[Black "Bustillo Mendoza, Gustavo"]
[Result "1-0"]
[WhiteElo "1724"]
[BlackElo "1147"]
[PlyCount "70"]
[EventDate "2019.10.19"]
[EventType "swiss"]
[EventRounds "5"]
[EventCountry "COL"]
[SourceTitle "EXT 2024"]
[Source "ChessBase"]
[SourceDate "2023.10.10"]
[SourceVersion "1"]
[SourceVersionDate "2023.10.10"]
[SourceQuality "1"]

1. e4 e5 2. Nf3 Nc6 3. Bc4 Be7 4. 0-0 Nf6 5. Nc3 0-0 6. h3 d6 7. d4 exd4 8. Nxd4 Nxd4 9. Qxd4 Be6 10. Bxe6 fxe6 11. e5 Nd7 12. Qc4 d5 13. Qg4 Rf5 14. Nxd5 Nxe5 15. Nxe7+ Qxe7 16. Qe4 c6 17. Be3 Qf6 18. Bd4 Rd8 19. c3 c5 20. Bxc5 Nf3+ 21. gxf3 Rxc5 22. Rae1 Re8 23. Kh2 Rh5 24. Rg1 Rb5 25. Qa4 a6 26. c4 Qf4+ 27. Rg3 Rd8 28. Re4 Qc1 29. cxb5 Rd1 30. Rg2 Rh1+ 31. Kg3 Qc7+ 32. f4 Qf7 33. Re5 Qg6+ 34. Rg5 Qd3+ 35. f3 h6 1-0

[Event "COL-ch U20"]
[Site "Medellin"]
[Date "2016.03.19"]
[Round "7"]
[White "De la Rosa Povea, Miguel Angel"]
[Black "Ribero, Guillermo Andres"]
[Result "1/2-1/2"]
[WhiteElo "1725"]
[BlackElo "1880"]
[PlyCount "30"]
[EventDate "2016.03.16"]
[EventType "swiss"]
[EventRounds "7"]
[EventCountry "COL"]
[SourceTitle "CBM 171 Extra"]
[Source "ChessBase"]
[SourceDate "2016.04.26"]
[SourceVersion "1"]
[SourceVersionDate "2016.04.26"]
[SourceQuality "1"]

1. e4 c5 2. Nf3 Nc6 3. d4 cxd4 4. Nxd4 e5 5. Nb5 a6 6. Nd6+ Bxd6 7. Qxd6 Qf6 8. Qxf6 Nxf6 9. f3 d5 10. exd5 Nxd5 11. Bc4 Be6 12. a3 Rc8 13. Bxd5 Bxd5 14. Be3 0-0 15. 0-0 Bc4 1/2-1/2

[Event "COL-ch U20"]
[Site "Medellin"]
[Date "2016.03.17"]
[Round "2"]
[White "Cabrera Novoa, Emanuel"]
[Black "De la Rosa Povea, Miguel Angel"]
[Result "0-1"]
[WhiteElo "1375"]
[BlackElo "1725"]
[PlyCount "66"]
[EventDate "2016.03.16"]
[EventType "swiss"]
[EventRounds "7"]
[EventCountry "COL"]
[SourceTitle "CBM 171 Extra"]
[Source "ChessBase"]
[SourceDate "2016.04.26"]
[SourceVersion "1"]
[SourceVersionDate "2016.04.26"]
[SourceQuality "1"]

1. e4 e5 2. Nf3 Nc6 3. Nc3 Nf6 4. Bb5 d6 5. d4 exd4 6. Nxd4 Bd7 7. f3 Be7 8. Be3 a6 9. Bc4 Ne5 10. Bb3 c5 11. Nde2 c4 12. Ba4 b5 13. Nd5 Nxd5 14. Qxd5 bxa4 15. Bd4 Bc6 16. Bb6 Qxb6 17. Qd2 Rb8 18. Rb1 0-0 19. Ng3 Bd7 20. f4 Ng6 21. Nf1 c3 22. Qxc3 Nxf4 23. g3 Ng2+ 24. Ke2 Bg4+ 25. Kd3 Qb5+ 26. Qc4 Be2+ 27. Kxe2 Qxc4+ 28. Kf2 Qxc2+ 29. Kg1 Qxb1 30. Kxg2 Qxe4+ 31. Kg1 Rxb2 32. Nd2 Rxd2 33. Kf1 Qxh1# 0-1